00777nam a22002297a 4500003000500000005001700005008004100022010001000063011001000073020001500083035001000098040000900108100002400117245010300141260008300244300001000327410006200337490002600399650003400425810006200459830002600521CHAP20220329142815.0040217d2003 mx r 00110 eng d a88059 a89031 a9291180718 a99580 cCHAP00aRoseboom, Johannes.10aOptimizing investment in agricultural research, or the quest for prosperityc/by Johannes Roseboom aThe Hague :bServicio Internacional para la Investigación Agrícola,c2003. a70 p.21aServicio Internacional para la Investigación Agrícola 0aResearch reportv; 2314aAgriculturaxInvestigación.00aServicio Internacional para la Investigación Agrícola0 aResearch reportv; 23